| 000 -LEADER |
| fixed length control field |
00507pab a2200193 454500 |
| 008 - FIXED-LENGTH DATA ELEMENTS--GENERAL INFORMATION |
| fixed length control field |
180718b2009 xxu||||| |||| 00| 0 eng d |
| 100 ## - MAIN ENTRY--PERSONAL NAME |
| Personal name |
King, Ryan D. |
| 245 ## - TITLE STATEMENT |
| Title |
Contemporary hate crimes, law enforcement, and the legacy of racial violence |
| 260 ## - PUBLICATION, DISTRIBUTION, ETC. |
| Date of publication, distribution, etc. |
2009 |
| 300 ## - PHYSICAL DESCRIPTION |
| Extent |
p.291-315. |
| 362 ## - DATES OF PUBLICATION AND/OR SEQUENTIAL DESIGNATION |
| Dates of publication and/or sequential designation |
Apr |
| 650 ## - SUBJECT ADDED ENTRY--TOPICAL TERM |
| Topical term or geographic name entry element |
Crime |
| 650 ## - SUBJECT ADDED ENTRY--TOPICAL TERM |
| Topical term or geographic name entry element |
Ethnic conflicts |
| 700 ## - ADDED ENTRY--PERSONAL NAME |
| Personal name |
Baller, Robert D. |
| 700 ## - ADDED ENTRY--PERSONAL NAME |
| Personal name |
Messner, Steven F. |
| 773 ## - HOST ITEM ENTRY |
| Main entry heading |
American Sociological Review |
| 908 ## - PUT COMMAND PARAMETER (RLIN) |
| Put command parameter |
N |
| 909 ## - |
| -- |
84189 |